Quiz o Polregio - Statystyki

Ogólne statystyki
  • Ten quiz został rozwiązany 10 razy
    8 od ostatniego zresetowania
  • Średni wynik to 8 z 16
Statystyki odpowiedzi
Wskazówka Odpowiedź % Poprawnych
Nazwa w latach 2009-2020 Przewozy Regionalne
83%
Obecne kategorie pociągów Regio
83%
Siedziba Polregio Warszawa
83%
Polregio ma 211 sztuk tego elektrycznego zespołu trakcyjnego, czyli najwięcej z wszystkich EN57
67%
Byłe kategorie pociągów w latach 2008-2015 Interregio
67%
Polregio ma 24 sztuki tego szynobusu, czyli najwięcej z wszystkich SA133
67%
Rok powstania 2001
50%
Identyfikator literowy PREG
50%
Obecne kategorie pociągów Regio Przyśpieszony
50%
Prezes przedsiębiorstwa Aleksandra Grzywaczewska
33%
Jedynia seria lokomotyw elektrycznych które posiada Polregio EP07P
33%
Miejscowość w której znajduję się Zakład Napraw Taboru Kruszewiec
33%
Jako jedyny przewoźnik w Polsce posiada wagony...? Piętrowe | 120A
33%
Byłe kategorie pociągów w latach 2008-2015 REGIOekspres
33%
Przewodniczący rady nadzorczej Remigiusz Paszkiewicz
17%
Z jakim przewoźnikiem w kooperacji był uruchamiany powyższy DB Regio
0%
Nie znaleziono quizów pasujących do podanych kryteriów
Rozkład punktacji
Procent ludzi z każdym wynikiem
Percentyl według liczby udzielonych odpowiedzi
Twoja historia wyników
Nie rozwiązałeś tego quizu od ostatniego zresetowania